| 000 | 00638nam a2200241 a 4500 | ||
|---|---|---|---|
| 003 | AR-BaBNM | ||
| 005 | 20251128204600.0 | ||
| 008 | 082120s2002 ||||||||||||||000 | spa|| | ||
| 020 | _a84-236-2723-3 | ||
| 040 | _cAR-BaBNM | ||
| 100 | 1 | _aFabregat, Antonio Manuel | |
| 245 | 0 | 0 | _aCuentos para dormir a la abuela |
| 260 |
_aBarcelona _bEdebé _c1992 |
||
| 300 |
_a111 p. _bil. |
||
| 490 | 0 |
_aTucán. Verde _vv. 19 |
|
| 500 | _aRecomendado para niños a partir de 9 años | ||
| 650 | 4 | _aLITERATURA INFANTIL | |
| 650 | 4 | _aLIBROS PARA NIÑOS | |
| 650 | 4 | _aHISTORIAS DE AMOR | |
| 655 | _aLITERATURA | ||
| 942 | _cBK | ||
| 998 | _claura | ||
| 999 |
_c8009 _d8009 |
||